Vysvätili obecné symboly, aby mali budúcnosť

Bibliographic Details
Main Author: (rea) (Author)
Format: Article
Language:Slovak
Subjects:

MARC

LEADER 00000nab a2200000 a 4500
001 vtls001008294
003 SK-MaSNL
005 20260303040611.0
008 040720e19991102xo 0 slo
035 |a RV8894 
040 |a RVGKPD  |b slo  |c RVGKPD  |e AACR2 
041 0 |a slo 
044 |a xo  |c SK 
080 |a 929.6  |2 1981 
100 0 |a (rea)  |4 aut  |9 977308 
245 1 0 |a Vysvätili obecné symboly, aby mali budúcnosť 
500 |a vysvätenie 
650 0 7 |a obecné erby  |2 RVGKPD  |9 72784 
650 0 7 |a vlajky obecné  |2 RVGKPD  |9 1024677 
651 7 |a Gemerská Panica (Slovensko)  |2 RVGKPD  |9 28117 
655 7 |a periodikum  |2 snkbucl  |9 29553 
773 0 8 |t Gemerský denník  |g Roč. 1, č.175, 2.11.1999, s. 7 
852 |a ZVYKNI  |b KIS3GCP 
999 |c 1682801  |d 1684731